000 00652nam a2200217Ia 4500
003 OSt
005 20221002054921.0
006 a|||||r|||| 00| 0
007 ta
008 220930b |||||||| |||| 00| 0 eng d
024 _a71050
037 _cReference Collections
040 _aCRL
_cCRL
_beng
041 _2eng
_aeng
082 _aO15a.N83<-N62, M4(RR)
100 _aSatyaprakash Ed.
245 0 _aBibliography of Sanskrit language and Literature
260 _aGurgaon
_bIndain documentation service India
_c1984
942 _hO15a.N83<-N62, M4(RR)
_cref
_2CC
999 _c926173
_d926173